00726nam a22002177a 4500003000400000005001700004008004100021017004500062020001800107040002300125100002800148245005000176260003600226300002000262500002900282504001000311600007200321650003500393651004100428651003900469OSt20170328111613.0170328s2017 spc 001 0acat|  aDL B 28039-2015bBiblioteca de Catalunya a9788498093063 aES-BaBCbcatcCDMR1 aMilián Mestre, Manuel14aEls Ponts trencats c/ Manuel Milián Mestre aBarcelona :bEdicions 62,c2017 a570 p. ;c19 cm adedicatòria de l'autor aIndex17aMilián Mestre, ManuelxPunts de vista polítics i socials2lemac07aNacionalismezCatalunya2lemac 7aCatalunyaxRelacionszEspanya2lemac 7aEspanyaxPolítica i governy1975